Analýza aktuálnych ekonomických a obchodných tendencií EÚ s vybranými makroregiónmi sveta (Euromed) diplomová práca
Uložené v:
| Hlavný autor: | |
|---|---|
| Korporativný autor: | |
| Ďalší autori: | |
| Médium: | Kniha |
| Jazyk: | Slovak |
| Vydavateľské údaje: |
Bratislava
2012
|
| Tagy: |
Žiadne tagy, Buďte prvý, kto otaguje tento záznam!
|
MARC
| LEADER | 00000nbm a2200000 4500 | ||
|---|---|---|---|
| 001 | 0157871 | ||
| 005 | 20170706101856.9 | ||
| 041 | 0 | |a slo | |
| 044 | |a SK | ||
| 245 | 1 | 0 | |a Analýza aktuálnych ekonomických a obchodných tendencií EÚ s vybranými makroregiónmi sveta (Euromed) |b diplomová práca |c Katalin Béres ; školiteľ: Viera Ružeková |
| 264 | 1 | |a Bratislava |c 2012 | |
| 300 | |a 90 s. | ||
| 100 | 1 | |a Béres, Katalin | |
| 700 | 1 | |a Ružeková, Viera, 1957- | |
| 710 | 2 | |a Obchodná fakulta EU. Katedra medzinárodného obchodu | |